[Event "Titled Tue 3rd Jun Early"]
[Site "chess.com INT"]
[Date "2025.06.03"]
[Round "2"]
[White "Aarav Sinha"]
[Black "Karttunen, Mika"]
[Result "1-0"]
[WhiteTitle "FM"]
[BlackTitle "IM"]
[WhiteElo "2255"]
[BlackElo "2490"]
[WhiteFideId "25674064"]
[BlackFideId "502081"]
[EventDate "2025.06.03"]

1. e4 e5 2. Nf3 Nc6 3. Bc4 Bc5 4. c3 Nf6 5. d3 a6 6. O-O Ba7 7. Nbd2 h6 8. Re1
d6 9. a4 O-O 10. h3 Ne7 11. Nf1 Ng6 12. Ng3 c6 13. Bb3 Be6 14. Bc2 Re8 15. d4
Qc7 16. Be3 Rad8 17. Qc1 Kh7 18. Nf5 Ng8 19. dxe5 Bxe3 20. exd6 Bxf2+ 21. Kxf2
Qb6+ 22. Kg3 c5 23. a5 Qa7 24. Kh2 Kh8 25. e5 Bd5 26. N5h4 Nf8 27. Qf4 Qb8 28.
Rad1 Bxf3 29. Nxf3 Ne6 30. Qxf7 Qc8 31. d7 1-0

[Event "Titled Tue 3rd Jun Early"]
[Site "chess.com INT"]
[Date "2025.06.03"]
[Round "2"]
[White "Hercegovac, Neven"]
[Black "Oleksiyenko, Mykhaylo"]
[Result "1-0"]
[WhiteTitle "FM"]
[BlackTitle "GM"]
[WhiteElo "2211"]
[BlackElo "2569"]
[WhiteFideId "2839135"]
[BlackFideId "4152417"]
[EventDate "2025.06.03"]

1. d4 d5 2. Nf3 Nf6 3. c3 e6 4. Bf4 Bd6 5. e3 Bxf4 6. exf4 b6 7. Nbd2 c5 8. Bd3
O-O 9. h4 Ba6 10. Bxa6 Nxa6 11. h5 h6 12. Ne5 Nc7 13. Ndf3 Nce8 14. g4 Nd6 15.
g5 Nfe4 16. Rg1 Kh8 17. Qe2 cxd4 18. Nxd4 hxg5 19. fxg5 Nxg5 20. Qg4 Nde4 21. f4
Qc7 22. O-O-O Kh7 23. fxg5 Qxe5 24. g6+ Kh8 25. h6 f5 26. Qh5 Qf4+ 27. Kb1 Nf6
28. hxg7+ Kxg7 29. Nxe6+ Kg8 30. Qh7+ Nxh7 31. gxh7+ Kxh7 32. Rg7+ Kh6 33. Rh1+
Qh2 34. Rxh2# 1-0

[Event "Titled Tue 3rd Jun Early"]
[Site "chess.com INT"]
[Date "2025.06.03"]
[Round "2"]
[White "Iskusnyh, Sergei"]
[Black "Firouzja, Alireza"]
[Result "0-1"]
[WhiteTitle "GM"]
[BlackTitle "GM"]
[WhiteElo "2440"]
[BlackElo "2757"]
[WhiteFideId "4120027"]
[BlackFideId "12573981"]
[EventDate "2025.06.03"]

1. d4 Nf6 2. c4 g6 3. g3 Bg7 4. Bg2 O-O 5. Nc3 d6 6. Nf3 c5 7. dxc5 dxc5 8. Qxd8
Rxd8 9. Be3 Nc6 10. Bxc5 Be6 11. Nd2 Nd7 12. Ba3 Nde5 13. Rc1 Nxc4 14. Nxc4 Bxc4
15. b3 Ba6 16. Bxc6 bxc6 17. Bc5 e6 18. f3 f5 19. Kf2 Rd2 20. Be3 Bxc3 21. Bxd2
Bxd2 22. Rxc6 Bb5 23. Rxe6 Rd8 24. a4 Be8 25. Re7 Bb4 26. Rc1 Bxe7 0-1

[Event "Titled Tue 3rd Jun Early"]
[Site "chess.com INT"]
[Date "2025.06.03"]
[Round "2"]
[White "Smieszek, Wojciech"]
[Black "Klymchuk, Andriy"]
[Result "0-1"]
[WhiteTitle "CM"]
[BlackTitle "FM"]
[WhiteElo "2141"]
[BlackElo "2405"]
[WhiteFideId "1156047"]
[BlackFideId "14140063"]
[EventDate "2025.06.03"]

1. e4 c5 2. Nf3 Nc6 3. d4 cxd4 4. Nxd4 g6 5. Nc3 Bg7 6. Be3 Nf6 7. Bc4 Qa5 8.
O-O d6 9. h3 O-O 10. Bb3 Qh5 11. Re1 Qxd1 12. Raxd1 Bd7 13. Nd5 Nxd5 14. exd5
Na5 15. Bg5 Bf6 16. Bxf6 exf6 17. Re7 Rfd8 18. Rde1 Kf8 19. c3 Rac8 20. R1e3 Rc5
21. Rxd7 Rxd7 22. Ba4 Re7 23. Rxe7 Kxe7 24. b4 Rxc3 25. bxa5 Rc4 26. a6 Rxd4 27.
axb7 Rb4 28. Bc6 Kd8 29. Kf1 Kc7 30. a4 Rb2 31. Ke1 f5 32. g3 f4 33. gxf4 Rb4
34. Ke2 Rxf4 35. Ke3 Rh4 36. a5 a6 37. f3 g5 38. Kf2 Rxh3 39. Kg2 Rh4 40. Kg3 h5
41. Kg2 f6 42. Kg3 Rb4 43. Kg2 Rc4 44. Kg3 Rc5 45. f4 Rc3+ 46. Kf2 Ra3 47. fxg5
fxg5 0-1

[Event "Titled Tue 3rd Jun Early"]
[Site "chess.com INT"]
[Date "2025.06.03"]
[Round "2"]
[White "Beerdsen, Thomas"]
[Black "Asensio Ramos, Enrique Fernando"]
[Result "1-0"]
[WhiteTitle "GM"]
[BlackTitle "CM"]
[WhiteElo "2535"]
[BlackElo "2206"]
[WhiteFideId "1030108"]
[BlackFideId "2214172"]
[EventDate "2025.06.03"]

1. e4 c5 2. Nf3 d6 3. d4 cxd4 4. Nxd4 Nf6 5. Nc3 g6 6. h3 Nc6 7. Nf3 Bg7 8. Bc4
O-O 9. O-O a6 10. Qe2 b5 11. Bb3 Bb7 12. Bg5 Na5 13. Rad1 Nxb3 14. cxb3 Qa5 15.
a3 Rfd8 16. b4 Qb6 17. Nd5 Bxd5 18. exd5 Rd7 19. Qd3 Qb7 20. Rfe1 Rc8 21. Re2
Rcc7 22. Kh2 Rd8 23. Qd2 Rdc8 24. Qd3 Rd8 25. Rdd2 Rdc8 26. Re1 Qa8 27. Red1 Qb7
28. Qe3 Qa7 29. Qf4 Rc4 30. Rd4 Nxd5 31. Rxc4 Rxc4 32. Qd2 Nf6 33. Re1 Qc7 34.
Bf4 Ne8 35. Bg3 Qc6 36. Rxe7 Bf6 37. Re2 Qc8 38. Qh6 Bg7 39. Qe3 Nf6 40. Bxd6
Re4 41. Qd3 Rxe2 42. Qxe2 Qd7 43. Bg3 h5 44. Ne5 Qe8 45. Qf3 Nd7 46. Nxd7 Qxd7
47. Qa8+ Kh7 48. Qxa6 Bxb2 49. Qa8 Bf6 50. Qf3 Kg7 51. Bf4 Qe6 52. g4 hxg4 53.
hxg4 Qc4 54. Kg2 Bb2 55. Bg3 Qc3 56. Qd5 Bxa3 57. Be5+ f6 58. Bxc3 1-0

[Event "Titled Tue 3rd Jun Early"]
[Site "chess.com INT"]
[Date "2025.06.03"]
[Round "2"]
[White "Saydaliev, Saidakbar"]
[Black "Dovgaliuk, Oleksandr"]
[Result "1-0"]
[WhiteTitle "IM"]
[WhiteElo "2460"]
[BlackElo "2240"]
[WhiteFideId "14203693"]
[BlackFideId "14167247"]
[EventDate "2025.06.03"]

1. e4 c5 2. Nf3 d6 3. Bb5+ Bd7 4. c4 e5 5. Nc3 Nc6 6. O-O a6 7. Bxc6 bxc6 8. d3
g6 9. h3 Bg7 10. Be3 Ne7 11. Qd2 f5 12. Bh6 O-O 13. Bxg7 Kxg7 14. exf5 Nxf5 15.
Ne4 Qe7 16. Nh2 Nd4 17. Rae1 a5 18. f4 a4 19. fxe5 Rxf1+ 20. Nxf1 Qxe5 21. Kh1
Re8 22. Re3 Qf4 23. Neg3 Rxe3 24. Qxe3 Qxe3 25. Nxe3 h5 26. Ne4 Nf5 27. Nd1 h4
28. Ndc3 a3 29. bxa3 Kf7 30. a4 Ke7 31. a5 Bc8 32. Kg1 Ba6 33. Kf2 Ke6 34. Ne2
Ke5 35. Ng5 1-0

[Event "Titled Tue 3rd Jun Early"]
[Site "chess.com INT"]
[Date "2025.06.03"]
[Round "2"]
[White "Sakun, Volodymyr"]
[Black "Momunaliev, Ruslan"]
[Result "1-0"]
[WhiteTitle "FM"]
[BlackTitle "CM"]
[WhiteElo "2301"]
[BlackElo "2213"]
[WhiteFideId "14114062"]
[BlackFideId "13812211"]
[EventDate "2025.06.03"]

1. e4 e6 2. d4 d5 3. Nc3 Bb4 4. e5 c5 5. a3 Bxc3+ 6. bxc3 Ne7 7. h4 b6 8. h5 h6
9. Rh3 Ba6 10. Ne2 Nbc6 11. g4 Qc7 12. f4 O-O-O 13. Be3 f5 14. exf6 gxf6 15.
dxc5 bxc5 16. Bxc5 e5 17. f5 d4 18. cxd4 Nd5 19. c4 Bxc4 20. Rc1 Bxe2 21. Qxe2
exd4 22. Qa6+ Kb8 23. Bxa7+ Qxa7 24. Rxc6 Rhe8+ 25. Kd2 Qxa6 26. Bxa6 Re3 27.
Rxe3 dxe3+ 28. Ke2 Re8 29. Kf3 e2 30. Bxe2 Re3+ 31. Kf2 Rxa3 32. Rd6 Nf4 33. Bf1
Nh3+ 34. Bxh3 Rxh3 35. Rxf6 1-0

[Event "Titled Tue 3rd Jun Early"]
[Site "chess.com INT"]
[Date "2025.06.03"]
[Round "2"]
[White "Horobetz, Graham"]
[Black "Gu, Xiaobing"]
[Result "1-0"]
[BlackTitle "WGM"]
[WhiteElo "2250"]
[BlackElo "2148"]
[WhiteFideId "2047322"]
[BlackFideId "8602611"]
[EventDate "2025.06.03"]

1. e4 c5 2. Nf3 d6 3. d4 cxd4 4. Nxd4 Nf6 5. Nc3 a6 6. Be3 e5 7. Nf3 Be7 8. h3
O-O 9. g4 Be6 10. g5 Nh5 11. Nd5 Bxd5 12. Qxd5 Nd7 13. Be2 Nb6 14. Qa5 Nd7 15.
Qxd8 Rfxd8 16. Nxe5 Nxe5 17. Bxh5 Nc4 18. Bd4 Bxg5 19. Rg1 f6 20. f4 Bh4+ 21.
Ke2 Re8 22. Kd3 Rec8 23. Bg4 Rc7 24. Be6+ Kf8 25. Bxc4 Rb8 26. a4 Rbc8 27. Bb3
Ke7 28. Rg4 g5 29. fxg5 Bxg5 30. h4 Bh6 31. Rf1 Rf8 32. Bd5 b5 33. axb5 axb5 34.
b3 b4 35. Bc4 Rb7 36. Rf5 Rc7 37. Rh5 Bc1 38. Rxh7+ Kd8 39. Bb6 Kc8 40. Rxc7+
Kb8 41. Rgg7 f5 42. Ba7+ 1-0

[Event "Titled Tue 3rd Jun Early"]
[Site "chess.com INT"]
[Date "2025.06.03"]
[Round "2"]
[White "Lyakh, Vasiliy"]
[Black "Fernandez Siles, Luis"]
[Result "1-0"]
[BlackTitle "FM"]
[WhiteElo "2116"]
[BlackElo "2170"]
[WhiteFideId "14189828"]
[BlackFideId "2209420"]
[EventDate "2025.06.03"]

1. d4 Nf6 2. c4 g6 3. Nc3 Bg7 4. e4 d6 5. Nf3 O-O 6. Be2 c5 7. d5 e6 8. O-O exd5
9. exd5 Bg4 10. Bf4 Ne8 11. Qd2 Nd7 12. Rfe1 a6 13. Ne4 Bxf3 14. Bxf3 Ne5 15.
Be2 Rb8 16. Bg5 f6 17. Bf4 b5 18. b3 bxc4 19. bxc4 Rb4 20. Rac1 Qb6 21. Rc2 Rb1
22. h4 a5 23. Rxb1 Qxb1+ 24. Kh2 h5 25. Nc3 Qb4 26. Rb2 Nxc4 27. Rxb4 Nxd2 28.
Rb7 f5 29. Bxd2 Nf6 30. Bf3 Re8 31. Nb5 Ng4+ 32. Bxg4 hxg4 33. Bf4 Be5 34. Kg3
Bd4 1-0

[Event "Titled Tue 3rd Jun Early"]
[Site "chess.com INT"]
[Date "2025.06.03"]
[Round "2"]
[White "Tomb, Maroun"]
[Black "Filindash, Nikita"]
[Result "1-0"]
[WhiteTitle "CM"]
[BlackTitle "CM"]
[WhiteElo "2090"]
[BlackElo "2198"]
[WhiteFideId "5300398"]
[BlackFideId "34159983"]
[EventDate "2025.06.03"]

1. e4 e5 2. Nf3 Nf6 3. d4 Nxe4 4. Bd3 d5 5. Nxe5 Nd7 6. Nxd7 Bxd7 7. Nc3 Nxc3 8.
bxc3 Bd6 9. O-O O-O 10. Qh5 f5 11. Qf3 c6 12. c4 Be6 13. c5 Bc7 14. Bf4 Qb8 15.
g3 b6 16. Rab1 Bxf4 17. gxf4 Qc7 18. Rfe1 Rf6 19. Re5 bxc5 20. Rbe1 Bf7 21. dxc5
Rg6+ 22. Kh1 d4 23. Bxf5 Rf6 24. Qe4 Bd5 25. Rxd5 Raf8 26. Re5 g6 27. Be6+ Kh8
28. f5 gxf5 29. Qxd4 f4 30. Rf5 Qg7 31. Qxf4 Rxf5 32. Bxf5 Qd7 33. Qe5+ Qg7 34.
f4 1-0

[Event "Titled Tue 3rd Jun Early"]
[Site "chess.com INT"]
[Date "2025.06.03"]
[Round "2"]
[White "Sabatier, Mathis"]
[Black "Chaulagain, Purusottam"]
[Result "1-0"]
[WhiteTitle "CM"]
[BlackTitle "CM"]
[WhiteElo "2235"]
[BlackElo "1898"]
[WhiteFideId "26029685"]
[BlackFideId "12300730"]
[EventDate "2025.06.03"]

1. e4 d5 2. exd5 Qxd5 3. d4 c5 4. Nf3 cxd4 5. Nc3 Qe6+ 6. Ne2 Nc6 7. Nxd4 Nxd4
8. Qxd4 Nf6 9. Be3 g6 10. Nf4 Qc6 11. O-O-O Bf5 12. Bd3 Bxd3 13. Rxd3 Bg7 14.
Rc3 Qa6 15. Nd5 O-O 16. Nc7 Qxa2 17. Ra3 Qxa3 18. bxa3 Rad8 19. Qh4 Rd7 20. Nb5
Nd5 21. Bh6 a6 22. Bxg7 Kxg7 23. Nd4 Rfd8 24. Re1 Nc3 25. Nf5+ gxf5 26. Qg3+ Kf8
27. Qxc3 f6 28. Qh3 e6 29. Rxe6 Kf7 30. Rb6 Rd1+ 31. Kb2 R8d7 32. Qxh7+ Ke8 33.
Qg8+ Ke7 34. Re6# 1-0

[Event "Titled Tue 3rd Jun Early"]
[Site "chess.com INT"]
[Date "2025.06.03"]
[Round "2"]
[White "Ugarte Soto, Cesar"]
[Black "Shymanskyi, Oleksandr"]
[Result "0-1"]
[WhiteTitle "CM"]
[BlackTitle "FM"]
[WhiteElo "2088"]
[BlackElo "2218"]
[WhiteFideId "3601331"]
[BlackFideId "14168880"]
[EventDate "2025.06.03"]

1. d4 Nf6 2. Bg5 e6 3. Nd2 h6 4. Bxf6 Qxf6 5. Ngf3 d6 6. e4 g6 7. Bd3 Bg7 8. e5
Qe7 9. O-O O-O 10. c3 Nd7 11. Qe2 c5 12. Rfe1 b6 13. a4 Bb7 14. Be4 Bxe4 15.
Nxe4 dxe5 16. dxe5 Nxe5 17. a5 Nxf3+ 18. Qxf3 Rfd8 19. axb6 f5 20. b7 Rab8 21.
Nxc5 Qxc5 22. Rxe6 Kh7 23. h4 Rd6 24. Re7 Rd1+ 25. Qxd1 Qxe7 26. h5 Rxb7 27.
hxg6+ Kxg6 28. Ra6+ Kh7 29. Qh5 Qe1+ 30. Kh2 Be5+ 31. g3 Qxf2+ 32. Kh1 Qf1+ 33.
Kh2 Rxb2+ 0-1

[Event "Titled Tue 3rd Jun Early"]
[Site "chess.com INT"]
[Date "2025.06.03"]
[Round "2"]
[White "Mikhailova, Irina"]
[Black "Lopez Rayo, Isabella"]
[Result "0-1"]
[WhiteTitle "WGM"]
[BlackTitle "WFM"]
[WhiteElo "2143"]
[BlackElo "2021"]
[WhiteFideId "4109040"]
[BlackFideId "4452755"]
[EventDate "2025.06.03"]

1. d4 d5 2. Nf3 Nf6 3. c4 e5 4. Nxe5 Bd6 5. Nc3 c6 6. cxd5 cxd5 7. Bg5 O-O 8. e3
Be6 9. Bd3 Nc6 10. Nxc6 bxc6 11. f4 Rb8 12. Rb1 h6 13. Bh4 c5 14. O-O cxd4 15.
exd4 Rb4 16. a3 Rxd4 17. Bh7+ Nxh7 18. Qxd4 Qxh4 19. Rbd1 Nf6 20. g3 Qh5 21. f5
Bxf5 22. Nxd5 Ng4 23. Rd2 Rc8 24. Nf6+ Nxf6 25. Qxd6 Bh3 26. Re1 Qf3 27. Qf4 Qb7
28. Rde2 Qb6+ 29. Qe3 Qc6 30. Qe4 Nxe4 31. Rxe4 Qb6+ 32. R4e3 Qxb2 33. R1e2 Qf6 0-1

[Event "Titled Tue 3rd Jun Early"]
[Site "chess.com INT"]
[Date "2025.06.03"]
[Round "2"]
[White "Gao, Raymond"]
[Black "Bilochenko, Matvii"]
[Result "1-0"]
[BlackTitle "CM"]
[WhiteElo "2007"]
[BlackElo "2027"]
[WhiteFideId "2629429"]
[BlackFideId "41834062"]
[EventDate "2025.06.03"]

1. e4 c5 2. Nf3 e6 3. c3 Nf6 4. Bd3 Nc6 5. O-O d5 6. e5 Nd7 7. Re1 Qc7 8. Bb5 a6
9. Bxc6 Qxc6 10. d4 Be7 11. h4 b6 12. h5 h6 13. a3 Bb7 14. b4 c4 15. Qd2 O-O-O
16. a4 Qc7 17. Qf4 Rdf8 18. b5 a5 19. Ba3 Bxa3 20. Nxa3 f6 21. Qg3 Rhg8 22. Nc2
f5 23. Nh4 Rf7 24. Ng6 Nf8 25. Nf4 Qe7 26. Ne3 Qg5 27. Qf3 g6 28. hxg6 Rfg7 29.
g3 Kb8 30. Neg2 Bc8 31. Nh4 Bd7 32. Nh5 Rxg6 33. Nxg6 Nxg6 34. Nf6 Rd8 35. Qh5
Qxh5 36. Nxh5 Kc7 37. Nf6 Rf8 38. Kg2 Kd8 39. Rh1 Rh8 40. Rh2 Ke7 41. Rah1 1-0

[Event "Titled Tue 3rd Jun Early"]
[Site "chess.com INT"]
[Date "2025.06.03"]
[Round "2"]
[White "Tica, Sven"]
[Black "Ochedzan, Filip"]
[Result "1-0"]
[WhiteTitle "IM"]
[BlackTitle "CM"]
[WhiteElo "2429"]
[BlackElo "2130"]
[WhiteFideId "14526948"]
[BlackFideId "21892610"]
[EventDate "2025.06.03"]

1. e4 g6 2. h4 h5 3. d4 Bg7 4. Nf3 Nf6 5. e5 Ng4 6. Bc4 d5 7. Bd3 c5 8. c3 Nc6
9. O-O O-O 10. Re1 cxd4 11. cxd4 Nb4 12. Nc3 Nxd3 13. Qxd3 Bf5 14. Qb5 e6 15.
Qxb7 a6 16. Na4 Qa5 17. Nc5 Nxe5 18. Rxe5 Bxe5 19. Bd2 Qc7 20. Nxe5 Qxb7 21.
Nxb7 Rab8 22. Nc5 Rxb2 23. Bh6 Rfb8 24. Ncd7 Kh7 25. Nxb8 Kxh6 26. Nxa6 f6 27.
Nf3 Be4 28. Nc5 Bxf3 29. gxf3 e5 30. dxe5 fxe5 31. a4 d4 32. a5 Rc2 33. Ne4 d3
34. a6 Rc8 35. a7 Ra8 36. Kf1 Kg7 37. Nd6 Kf6 38. Nb5 d2 39. Ke2 1-0

[Event "Titled Tue 3rd Jun Early"]
[Site "chess.com INT"]
[Date "2025.06.03"]
[Round "2"]
[White "Sanhueza, Cristian"]
[Black "Harriott, Tyrell"]
[Result "0-1"]
[WhiteTitle "FM"]
[WhiteElo "2182"]
[BlackElo "1924"]
[WhiteFideId "116815"]
[BlackFideId "2086484"]
[EventDate "2025.06.03"]

1. e4 d6 2. d4 Nf6 3. Nc3 Nbd7 4. Nf3 e5 5. dxe5 dxe5 6. Bc4 Be7 7. O-O O-O 8.
a4 c6 9. a5 Qc7 10. Nh4 Nc5 11. Qf3 Bg4 12. Qg3 Kh8 13. Nf5 Ncxe4 14. Nxe4 Bxf5
15. Ng5 Bg6 16. Re1 Nd7 17. Nf3 Bd6 18. Nh4 Bxc2 19. Bd2 e4 20. Qh3 Ne5 21. Ba2
Rae8 22. Bc3 Nd3 23. Nf5 Be5 24. Rxe4 Bxc3 25. Rxe8 Rxe8 26. bxc3 Qe5 27. Rf1
Nf4 28. Qe3 Bxf5 29. Qxa7 Qe2 30. h4 Qg4 31. g3 Ne2+ 32. Kh2 Qh3# 0-1

[Event "Titled Tue 3rd Jun Early"]
[Site "chess.com INT"]
[Date "2025.06.03"]
[Round "2"]
[White "Sychev, Klementy"]
[Black "Avila Rodriguez, Joshua Adrian"]
[Result "1-0"]
[WhiteTitle "GM"]
[BlackTitle "FM"]
[WhiteElo "2542"]
[BlackElo "2302"]
[WhiteFideId "4114060"]
[BlackFideId "5126444"]
[EventDate "2025.06.03"]

1. e4 c5 2. Nf3 d6 3. d4 cxd4 4. Nxd4 Nf6 5. Nc3 a6 6. Bc4 e6 7. f4 b5 8. Bb3
Be7 9. e5 dxe5 10. fxe5 Nfd7 11. Bxe6 Nxe5 12. Bxc8 Qxc8 13. O-O O-O 14. Nf5
Bc5+ 15. Kh1 Nbc6 16. Ne4 Rd8 17. Qh5 Bf8 18. Bg5 Rd5 19. Bf6 Qd7 20. Bxg7 Bxg7
21. Nxg7 Kxg7 22. Nf6 Qe6 23. Qxh7+ Kf8 24. Qh8+ Ke7 25. Nxd5+ Qxd5 26. Qxa8 Qe6
27. Rae1 a5 28. Qb7+ Kf8 29. Qxb5 Nd4 30. Qxe5 1-0

[Event "Titled Tue 3rd Jun Early"]
[Site "chess.com INT"]
[Date "2025.06.03"]
[Round "2"]
[White "Heymann, Samuel"]
[Black "Mayta Aiza, Maveric"]
[Result "0-1"]
[WhiteTitle "CM"]
[BlackTitle "CM"]
[WhiteElo "2226"]
[BlackElo "2184"]
[WhiteFideId "4645707"]
[BlackFideId "3307336"]
[EventDate "2025.06.03"]

1. e4 c5 2. c3 e5 3. Nf3 Nc6 4. Bc4 Nf6 5. d3 d5 6. exd5 Nxd5 7. O-O Be6 8. Re1
Bd6 9. Ng5 Qe7 10. Nxe6 Qxe6 11. Qf3 Nce7 12. d4 cxd4 13. cxd4 O-O 14. dxe5 Bb4
15. Nc3 Bxc3 16. bxc3 Rac8 17. Re4 b5 18. Bb3 Rfd8 19. Bg5 h6 20. Bh4 g5 21. Bg3
Rxc3 22. Qe2 Qc6 23. h4 Rc1+ 24. Rxc1 Qxc1+ 25. Kh2 Qc6 26. e6 f5 27. Re5 f4 28.
hxg5 fxg3+ 29. fxg3 Qc3 30. gxh6 Kh8 31. Qh5 Rg8 32. Rg5 Rxg5 33. Qxg5 Qf6 34.
Qd2 Qxe6 0-1

[Event "Titled Tue 3rd Jun Early"]
[Site "chess.com INT"]
[Date "2025.06.03"]
[Round "2"]
[White "Sarana, Alexey"]
[Black "Olhovik, Andrei"]
[Result "1-0"]
[WhiteTitle "GM"]
[BlackTitle "FM"]
[WhiteElo "2686"]
[BlackElo "2282"]
[WhiteFideId "24133795"]
[BlackFideId "13507397"]
[EventDate "2025.06.03"]

1. e4 c5 2. Nf3 e6 3. d4 cxd4 4. Nxd4 Bc5 5. Nb3 Bb6 6. Nc3 Ne7 7. Nb5 O-O 8.
Nd6 f5 9. e5 f4 10. Bd3 Ng6 11. Qh5 Nc6 12. Bxg6 hxg6 13. Qxg6 Nxe5 14. Qh5 Qf6
15. Bd2 Nf7 16. Bc3 e5 17. Nxf7 Rxf7 18. O-O-O d6 19. Qf3 Qg6 20. Qd5 Bc7 21.
Nd2 Bf5 22. Rhe1 Bxc2 23. Ne4 Bxd1 24. Rxd1 Rf8 25. Qxb7 Bb6 26. Qd5 Kh8 27.
Nxd6 Rf6 28. Ne4 Qxg2 29. Nxf6 Qxf2 30. Ne4 Qe3+ 31. Kb1 Rd8 32. Nd6 Rxd6 33.
Qxd6 Qe4+ 34. Ka1 1-0

[Event "Titled Tue 3rd Jun Early"]
[Site "chess.com INT"]
[Date "2025.06.03"]
[Round "2"]
[White "Materia, Marco"]
[Black "Manvelyan, Mikayel"]
[Result "1/2-1/2"]
[WhiteTitle "IM"]
[BlackTitle "FM"]
[WhiteElo "2489"]
[BlackElo "2362"]
[WhiteFideId "45150451"]
[BlackFideId "13310143"]
[EventDate "2025.06.03"]

1. Nf3 d5 2. b3 Nf6 3. Bb2 e6 4. d3 b6 5. Nbd2 Bb7 6. g3 Be7 7. Bg2 O-O 8. O-O
c5 9. e4 dxe4 10. Ng5 Nc6 11. Ngxe4 Nxe4 12. Bxe4 Bf6 13. Bxf6 Qxf6 14. Nc4 Rad8
15. Qh5 g6 16. Qh6 Ba8 17. f4 Nd4 18. Ne3 Bxe4 19. dxe4 Ne2+ 20. Kg2 Qd4 21. Ng4
Qxe4+ 22. Kh3 f5 23. Ne5 Rd2 24. Nf3 Rxc2 25. Rae1 Re8 26. Ng5 Qb7 27. Rf2 Ng1+
28. Rxg1 Rxf2 29. Qh4 h5 30. Ne4 Qxe4 31. Qf6 Qf3 32. Qxg6+ Kf8 33. Qf6+ Kg8 34.
Qg6+ Kf8 35. Qf6+ Kg8 36. Qg6+ 1/2-1/2

[Event "Titled Tue 3rd Jun Early"]
[Site "chess.com INT"]
[Date "2025.06.03"]
[Round "2"]
[White "Malka, Samuel"]
[Black "Principe, Gerson"]
[Result "1-0"]
[WhiteTitle "FM"]
[BlackTitle "FM"]
[WhiteElo "2228"]
[BlackElo "2176"]
[WhiteFideId "20643675"]
[BlackFideId "3804550"]
[EventDate "2025.06.03"]

1. d4 Nf6 2. c4 e6 3. Nf3 b6 4. g3 Bb7 5. Bg2 Be7 6. O-O O-O 7. Nc3 Ne4 8. Bd2
f5 9. Rc1 Bf6 10. e3 a5 11. Be1 d6 12. Nxe4 Bxe4 13. Nd2 Bxg2 14. Kxg2 Nd7 15.
Qf3 Qe7 16. Nb1 e5 17. Nc3 Bg5 18. Rd1 f4 19. exf4 exf4 20. Nd5 Qd8 21. g4 Nf6
22. h4 Bxh4 23. Rh1 Bg5 24. Bc3 h6 25. Rde1 Nxd5 26. Qxd5+ Rf7 27. f3 Qf8 28.
Re6 Kh8 29. Qxg5 Re8 30. Rexh6+ 1-0

[Event "Titled Tue 3rd Jun Early"]
[Site "chess.com INT"]
[Date "2025.06.03"]
[Round "2"]
[White "Chen, Yidong"]
[Black "Stankovic, Boris"]
[Result "0-1"]
[BlackTitle "FM"]
[WhiteElo "2038"]
[BlackElo "2298"]
[WhiteFideId "8607028"]
[BlackFideId "985317"]
[EventDate "2025.06.03"]

1. e4 c5 2. Nf3 d6 3. d4 cxd4 4. Nxd4 Nf6 5. Nc3 g6 6. Be3 Nc6 7. f3 h5 8. Qd2
Nxd4 9. Bxd4 Bh6 10. Qf2 Be6 11. Bb5+ Kf8 12. O-O Qa5 13. Ba4 Bc4 14. Rfe1 e5
15. Be3 Bxe3 16. Qxe3 Kg7 17. Rad1 Rhd8 18. Bb3 Rac8 19. Rd2 b5 20. Red1 b4 21.
Nd5 Nxd5 22. exd5 Bxb3 23. axb3 Rc5 24. f4 Re8 25. h3 Qd8 26. Rf2 Qf6 0-1

[Event "Titled Tue 3rd Jun Early"]
[Site "chess.com INT"]
[Date "2025.06.03"]
[Round "2"]
[White "Seyidli, Mirsaleh"]
[Black "Krishna, C R G"]
[Result "0-1"]
[WhiteTitle "CM"]
[BlackTitle "IM"]
[WhiteElo "1995"]
[BlackElo "2453"]
[WhiteFideId "13445219"]
[BlackFideId "5018625"]
[EventDate "2025.06.03"]

1. b3 e5 2. Bb2 d6 3. e3 Nd7 4. d4 Ngf6 5. Nf3 e4 6. Nfd2 d5 7. c4 c6 8. Nc3 a6
9. Be2 Bd6 10. h3 O-O 11. O-O Re8 12. a3 Nf8 13. b4 Be6 14. c5 Bb8 15. f4 exf3
16. Nxf3 Ng6 17. Bd3 Qc7 18. Ne2 Nh5 19. Bxg6 hxg6 20. Qe1 Bf5 21. Qf2 Bd3 22.
Rfe1 Bxe2 23. Rxe2 Ng3 24. Ree1 Ne4 25. Qh4 f6 26. Qg4 Qf7 27. Rf1 g5 28. h4
gxh4 29. Nxh4 Bc7 30. Ng6 Qe6 31. Qh4 Ng5 32. Rae1 Qe4 33. Qh8+ Kf7 34. Rxf6+
Kxf6 35. Rf1+ Kxg6 0-1

[Event "Titled Tue 3rd Jun Early"]
[Site "chess.com INT"]
[Date "2025.06.03"]
[Round "2"]
[White "Gadzhiev, Ruslan"]
[Black "Andrews, Todd"]
[Result "1-0"]
[WhiteTitle "CM"]
[BlackTitle "FM"]
[WhiteElo "2169"]
[BlackElo "2097"]
[WhiteFideId "55671926"]
[BlackFideId "2012456"]
[EventDate "2025.06.03"]

1. e4 e6 2. d4 d5 3. Nd2 Nc6 4. Ngf3 Nf6 5. e5 Nd7 6. c3 f6 7. exf6 Qxf6 8. Bd3
Bd6 9. O-O O-O 10. Re1 e5 11. Qb3 Nb6 12. Ne4 Qf7 13. Neg5 Qh5 14. dxe5 h6 15.
exd6 hxg5 16. dxc7 g4 17. Nd4 Ne5 18. Qc2 g3 19. fxg3 Ng4 20. h3 Nf2 21. Bg6
Nxh3+ 22. gxh3 Qxh3 23. Qh2 Nc4 24. Qxh3 Bxh3 25. b3 Nd6 26. Bf4 Rf6 27. Bd3 Rc8
28. Re7 Ne4 29. Bxe4 dxe4 30. Rxe4 g5 31. Bxg5 Rg6 32. Bf4 1-0

[Event "Titled Tue 3rd Jun Early"]
[Site "chess.com INT"]
[Date "2025.06.03"]
[Round "2"]
[White "Aalto, Patrik"]
[Black "Toth, Christian Endre"]
[Result "1/2-1/2"]
[WhiteTitle "FM"]
[BlackTitle "IM"]
[WhiteElo "2313"]
[BlackElo "2354"]
[WhiteFideId "510726"]
[BlackFideId "2100339"]
[EventDate "2025.06.03"]

1. c4 e6 2. g3 d5 3. Bg2 Nf6 4. Nf3 c5 5. cxd5 exd5 6. d4 Nc6 7. O-O Be7 8. dxc5
Bxc5 9. a3 Ne4 10. b4 Be7 11. Bb2 Bf6 12. Nd4 O-O 13. e3 Qb6 14. Nc3 Nxc3 15.
Bxc3 Nxd4 16. Bxd4 Bxd4 17. Qxd4 Qxd4 18. exd4 Be6 19. Rac1 Rac8 20. Rfe1 Rfd8
21. h4 Kf8 22. Bf1 Ke7 23. Bd3 h6 24. Kg2 Kd6 25. Kf3 Rxc1 26. Rxc1 Rc8 27. Rxc8
Bxc8 28. Kf4 Be6 29. h5 Bd7 30. g4 b6 31. Bf5 Bb5 32. g5 hxg5+ 33. Kxg5 Ke7 34.
Bg4 Bd3 35. Bf3 f6+ 36. Kf4 Ke6 37. Bg4+ Kd6 38. Bf5 Be2 39. Bg6 Bd1 40. Bf7 Be2
41. Kf5 Bd3+ 42. Kg4 Be2+ 43. Kf4 Bd3 44. Ke3 Bc2 45. Kf4 Bd3 46. Ke3 Bc2 47.
Kf4 Bd3 1/2-1/2